La celestina. tomo 2 [la lectura] /
Guardado en:
| Autor Principal: | |
|---|---|
| Formato: | Libro |
| Publicado: |
Madrid :
La Lectura,
1913
|
| Materias: | |
| Etiquetas: |
Agregar Etiqueta
Sin Etiquetas, Sea el primero en etiquetar este registro!
|
| LEADER | 00518nam a22001575a 4500 | ||
|---|---|---|---|
| 001 | EHU.bham017821 | ||
| 003 | AR-BHAM | ||
| 005 | 20101025162506.0 | ||
| 008 | 130507s1913##################000#0#####d | ||
| 082 | 8 | 6 | |a 862.2 |
| 100 | 1 | |a Rojas, Fernando De | |
| 245 | 1 | 0 | |a La celestina. tomo 2 [la lectura] / |c Fernando De Rojas |
| 260 | |a Madrid : |b La Lectura, |c 1913 | ||
| 500 | |a Cejador Y Frauca, Julio, Ed.y Notas | ||
| 653 | |a Teatro espaÑol-1370-1516 | ||
| 859 | |a AR-BHAM |b BIB. HUMANIDADES - Arturo Marasso |h 862.2 |i R638 |p 1512.57 |t Ej.1 |v II M |3 II | ||
